000 00923nam a22002897a 4500
001 5847
003 FISKH
005 20250124132655.0
008 250124b cb ||||| |||| 00| 0 eng d
020 _a9780516234779
040 _aFISKH
_beng
_cFISKH
_dFISKH
050 _aQC981.G56
082 _a363.73874
100 _aFriedman, Katherine
245 _aWhat if the polar ice caps melted? /
_cby Katherine Friedman
260 _aNew York :
_bChildren's Press ,
_c2002.
300 _a48 pages :
_bcolor illustrations ;
_c22 cm .
490 _aHigh Interest Books: What If?
505 _aU
520 _aDiscusses the environmental effects of the melting of the polar ice caps.
521 8 _a830
_bLexile
521 8 _aU
_bRaz-Plus
650 _aGlobal warming-- Environmental aspects
_vJuvenile literature
700 _aInnes, Michelle
_eBook designer
942 _2ddc
_cBK
_n0
999 _c5847
_d5847